[Event "Barbera del Valles op 45th"]
[Site "Barbera del Valles"]
[Date "2023.07.11"]
[Round "8"]
[White "Leslie, Alex"]
[Black "Lau, Lut Yin Luke"]
[Result "1/2-1/2"]
[WhiteElo "2088"]
[BlackElo "2014"]
[PlyCount "64"]
[EventDate "2023.07.04"]
[EventType "swiss"]
[EventRounds "9"]
[EventCountry "ESP"]
[SourceTitle "CBM 215 Extra"]
[Source "ChessBase"]
[SourceDate "2023.09.30"]
[SourceVersion "1"]
[SourceVersionDate "2023.09.30"]
[SourceQuality "1"]

1. d4 d5 2. c4 e6 3. Nc3 Nf6 4. Nf3 c5 5. cxd5 Nxd5 6. e4 Nxc3 7. bxc3 cxd4 8. cxd4 Bb4+ 9. Bd2 Bxd2+ 10. Qxd2 0-0 11. Bc4 Nd7 12. 0-0 b6 13. d5 Nf6 14. Qf4 exd5 15. Rad1 Re8 16. Bxd5 Nxd5 17. exd5 Bb7 18. Rd2 Qd7 19. Rfd1 Rad8 20. d6 Bxf3 21. Qxf3 h6 22. h3 Re6 23. Qb3 Rg6 24. h4 Qc6 25. Qd5 Qxd5 26. Rxd5 Kf8 27. d7 Ke7 28. f4 Rc6 29. Re1+ Re6 30. Red1 Rc6 31. f5 Rc7 32. Re1+ Kf8 1/2-1/2

[Event "Barbera del Valles op 45th"]
[Site "Barbera del Valles"]
[Date "2023.07.06"]
[Round "3"]
[White "Savitha Shri, B."]
[Black "Lau, Lut Yin Luke"]
[Result "1-0"]
[WhiteElo "2426"]
[BlackElo "2014"]
[PlyCount "79"]
[EventDate "2023.07.04"]
[EventType "swiss"]
[EventRounds "9"]
[EventCountry "ESP"]
[SourceTitle "CBM 215 Extra"]
[Source "ChessBase"]
[SourceDate "2023.09.30"]
[SourceVersion "1"]
[SourceVersionDate "2023.09.30"]
[SourceQuality "1"]

1. e4 c5 2. Nf3 g6 3. d4 cxd4 4. Nxd4 Bg7 5. Nc3 Nc6 6. Be3 Nf6 7. f3 0-0 8. Nb3 d6 9. Qd2 Bd7 10. 0-0-0 Rc8 11. Kb1 Ne5 12. Bd4 Nc6 13. Bf2 a5 14. g4 Ne5 15. Nd4 Nc4 16. Bxc4 Rxc4 17. h4 h5 18. Qd3 Rc8 19. g5 Ne8 20. f4 Bg4 21. Rd2 d5 22. Nxd5 Nd6 23. b3 e5 24. fxe5 Bxe5 25. Bg3 Bxg3 26. Nf6+ Qxf6 27. gxf6 Be5 28. a4 Rc5 29. Nf3 Bf4 30. Rf2 Rfc8 31. Nh2 Bxh2 32. Rhxh2 R8c6 33. Rd2 Re5 34. Qg3 Re6 35. e5 Nf5 36. Qf4 Rc5 37. Rd8+ Kh7 38. Rf8 Rc7 39. Rd2 g5 40. Qxg5 1-0

[Event "Barbera del Valles op 45th"]
[Site "Barbera del Valles"]
[Date "2023.07.05"]
[Round "2"]
[White "Lau, Lut Yin Luke"]
[Black "Janzelj, Tim"]
[Result "0-1"]
[WhiteElo "2014"]
[BlackElo "2453"]
[PlyCount "69"]
[EventDate "2023.07.04"]
[EventType "swiss"]
[EventRounds "9"]
[EventCountry "ESP"]
[SourceTitle "CBM 215 Extra"]
[Source "ChessBase"]
[SourceDate "2023.09.30"]
[SourceVersion "1"]
[SourceVersionDate "2023.09.30"]
[SourceQuality "1"]

1. e4 d6 2. d4 Nf6 3. Nc3 e5 4. Nge2 Nbd7 5. g3 g6 6. Bg2 Bg7 7. 0-0 0-0 8. h3 c6 9. a4 Qc7 10. Be3 Re8 11. Qd2 b6 12. f4 exd4 13. Bxd4 Ba6 14. Rf2 Rad8 15. g4 Nc5 16. Ng3 Ne6 17. Be3 d5 18. exd5 cxd5 19. f5 d4 20. fxe6 dxe3 21. Qxe3 Rxe6 22. Qf3 Rde8 23. g5 Re3 24. Qf4 Qxf4 25. Rxf4 Rxg3 26. gxf6 Bb7 27. Rg4 Rxg2+ 28. Rxg2 Bxg2 29. Kxg2 Bxf6 30. Ra3 Re3 31. Nd5 Rxa3 32. bxa3 Kg7 33. c4 Bd4 34. Kf3 Bc5 35. Nc7 0-1

[Event "BCF-ch rapidplay 34th"]
[Site "Bingley"]
[Date "2023.04.16"]
[Round "11"]
[White "Pitcher, John"]
[Black "Lau, Lut Yin Luke"]
[Result "1-0"]
[WhiteElo "2210"]
[BlackElo "2025"]
[PlyCount "63"]
[EventDate "2023.04.15"]
[EventType "swiss (rapid)"]
[EventRounds "11"]
[EventCountry "ENG"]
[SourceTitle "CBM 213 Extra"]
[Source "ChessBase"]
[SourceDate "2023.05.31"]
[SourceVersion "1"]
[SourceVersionDate "2023.05.31"]
[SourceQuality "1"]

1. e4 e5 2. Bc4 Nf6 3. d3 c6 4. Nf3 d5 5. Bb3 Bd6 6. exd5 cxd5 7. 0-0 0-0 8. Bg5 Be6 9. Nc3 d4 10. Ne4 Be7 11. Bxe6 fxe6 12. Nxe5 Qd5 13. Nf3 Nc6 14. Qe2 Rae8 15. a3 e5 16. Rfe1 Nh5 17. Bd2 Bd8 18. Neg5 g6 19. b4 Bc7 20. a4 Nd8 21. b5 Ne6 22. Nxe6 Rxe6 23. Qe4 Qxe4 24. Rxe4 Nf6 25. Re2 e4 26. Rae1 Rfe8 27. Nxd4 Rd6 28. Nb3 Rd5 29. dxe4 Rh5 30. h3 Nd7 31. f4 Nc5 32. g4 1-0

[Event "Online Olym Div4 A"]
[Site "Chess.com INT"]
[Date "2021.08.22"]
[Round "10.4"]
[White "Antonios, Johnny"]
[Black "Lau, Lut Yin Luke"]
[Result "1/2-1/2"]
[WhiteElo "2257"]
[BlackElo "1991"]
[PlyCount "119"]
[EventDate "2021.08.20"]
[EventType "team (rapid)"]
[EventRounds "11"]
[EventCountry "USA"]
[SourceTitle "CBM 203 Extra"]
[Source "ChessBase"]
[SourceDate "2021.09.30"]
[SourceVersion "1"]
[SourceVersionDate "2021.09.30"]
[SourceQuality "1"]
[WhiteTeam "Lebanon"]
[BlackTeam "Hong Kong"]
[WhiteTeamCountry "LBN"]
[BlackTeamCountry "HKG"]

1. e4 d5 2. exd5 Qxd5 3. Nc3 Qa5 4. d4 c6 5. Nf3 Nf6 6. Bc4 Bg4 7. Bd2 Qc7 8. h3 Bh5 9. g4 Bg6 10. Ne5 e6 11. f4 Be4 12. Nxe4 Nxe4 13. Be3 Nd7 14. Qf3 Nd6 15. Bd3 Be7 16. 0-0-0 0-0-0 17. Kb1 f6 18. Nxd7 Qxd7 19. c4 Kb8 20. Rhe1 Ka8 21. Bf2 Rde8 22. Qe3 Bd8 23. d5 Bb6 24. c5 exd5 25. Qd4 Bc7 26. cxd6 Bb6 27. Qb4 Bxf2 28. Bf5 Bxe1 29. Rxe1 Rxe1+ 30. Qxe1 Qxd6 31. a3 g6 32. Bc2 Qd7 33. Qh4 Qe7 34. Bxg6 Rd8 35. Bd3 d4 36. Qh6 a6 37. h4 c5 38. g5 fxg5 39. hxg5 c4 40. Bxh7 d3 41. Qf6 d2 42. Qxe7 d1Q+ 43. Ka2 Qb3+ 44. Ka1 Rd1+ 45. Bb1 c3 46. Qf8+ Ka7 47. Qc5+ Kb8 48. Qxc3 Qxc3 49. bxc3 Kc7 50. f5 Kd6 51. Kb2 Ke5 52. f6 Rf1 53. Bd3 Rf2+ 54. Kb3 Rf3 55. Bc4 b5 56. Be2 Rf2 57. Bd3 Rf3 58. Be2 Rf2 59. Bd3 Rf3 60. Be2 1/2-1/2

[Event "Online Olym Div4 A"]
[Site "Chess.com INT"]
[Date "2021.08.21"]
[Round "5.1"]
[White "Amer, Karim"]
[Black "Lau, Lut Yin Luke"]
[Result "0-1"]
[WhiteElo "2235"]
[BlackElo "1991"]
[PlyCount "90"]
[EventDate "2021.08.20"]
[EventType "team (rapid)"]
[EventRounds "11"]
[EventCountry "USA"]
[SourceTitle "CBM 203 Extra"]
[Source "ChessBase"]
[SourceDate "2021.09.30"]
[SourceVersion "1"]
[SourceVersionDate "2021.09.30"]
[SourceQuality "1"]
[WhiteTeam "Pakistan"]
[BlackTeam "Hong Kong"]
[WhiteTeamCountry "PAK"]
[BlackTeamCountry "HKG"]

1. d4 Nf6 2. c4 e6 3. Nf3 d5 4. Nc3 Be7 5. Bg5 0-0 6. e3 h6 7. Bh4 b6 8. cxd5 Nxd5 9. Bg3 Bb7 10. Bd3 Nd7 11. 0-0 c5 12. Rc1 cxd4 13. Nxd4 Nc5 14. Bb1 Nxc3 15. Rxc3 Rc8 16. f3 Bf6 17. Qc2 g6 18. Rd1 Qe7 19. b4 e5 20. bxc5 exd4 21. Bd6 Qe6 22. exd4 Bxd4+ 23. Kh1 Rfe8 24. h3 Bxc3 25. Qxc3 bxc5 26. Bf4 Kh7 27. Kh2 Red8 28. Re1 Qd7 29. Qf6 Re8 30. Be5 Rg8 31. h4 Rc6 32. Qf4 Re6 33. h5 Qe7 34. Bd3 Bd5 35. a3 c4 36. Bc2 Qe8 37. Re3 Qe7 38. g4 Qh4+ 39. Kg2 Qe7 40. Bd4 Rxe3 41. Bxe3 Re8 42. Qxh6+ Kg8 43. Bd4 Qe2+ 44. Bf2 Qxf3+ 45. Kf1 Qg2# 0-1

[Event "Online Olym Div4 A"]
[Site "Chess.com INT"]
[Date "2021.08.21"]
[Round "6.6"]
[White "Muhammed, Shuaau"]
[Black "Lau, Lut Yin Luke"]
[Result "1-0"]
[WhiteElo "1925"]
[BlackElo "1991"]
[PlyCount "161"]
[EventDate "2021.08.20"]
[EventType "team (rapid)"]
[EventRounds "11"]
[EventCountry "USA"]
[SourceTitle "CBM 203 Extra"]
[Source "ChessBase"]
[SourceDate "2021.09.30"]
[SourceVersion "1"]
[SourceVersionDate "2021.09.30"]
[SourceQuality "1"]
[WhiteTeam "Maldives"]
[BlackTeam "Hong Kong"]
[WhiteTeamCountry "MDV"]
[BlackTeamCountry "HKG"]

1. e4 d5 2. exd5 Qxd5 3. Nc3 Qa5 4. d4 c6 5. Nf3 Nf6 6. Bd3 Bg4 7. h3 Bh5 8. 0-0 e6 9. Qe2 Be7 10. Ne4 Nxe4 11. Qxe4 Nd7 12. c4 Nf6 13. Qe3 0-0 14. Ne5 Rfe8 15. Bd2 Qc7 16. g4 Bg6 17. Nxg6 hxg6 18. b4 Rad8 19. Rfd1 Bf8 20. Bc3 Bd6 21. Bf1 Bf4 22. Qf3 e5 23. dxe5 Rxd1 24. Rxd1 Bxe5 25. Bg2 Bxc3 26. Qxc3 Qf4 27. b5 cxb5 28. cxb5 b6 29. Re1 Rxe1+ 30. Qxe1 Qc4 31. Qb1 Nd7 32. Bf1 Qd4 33. Qd3 Qxd3 34. Bxd3 Ne5 35. Be2 g5 36. Kg2 f6 37. Kg3 Ng6 38. Kf3 Kf7 39. Ke4 Ke6 40. a4 Nf4 41. Bf1 Ng6 42. f3 Ne7 43. Bc4+ Kd6 44. f4 Kc5 45. Be2 gxf4 46. Kxf4 Kb4 47. g5 fxg5+ 48. Kxg5 Kxa4 49. Kf4 Nd5+ 50. Kf5 Nc3 51. Bf1 Nxb5 52. Kg6 Nd4 53. Kxg7 Kb3 54. Kg6 Nf3 55. Be2 Nd4 56. Bd1+ Kc3 57. h4 Ne6 58. Bg4 Nf4+ 59. Kf5 Nd5 60. h5 Ne7+ 61. Kf6 Nd5+ 62. Kf7 Ne3 63. Be6 b5 64. h6 a5 65. h7 b4 66. h8Q+ Kc2 67. Qh2+ Kc3 68. Qg3 Kd2 69. Qd6+ Kc3 70. Qc5+ Kd3 71. Qxa5 Kc3 72. Qc5+ Kd2 73. Qxb4+ Kd3 74. Qb3+ Ke2 75. Kf6 Kf2 76. Ke5 Ng2 77. Bg4 Ne3 78. Bf5 Nf1 79. Kf4 Nh2 80. Qc2+ Kg1 81. Bh3 1-0

[Event "Online Olym Div3 A"]
[Site "Chess.com INT"]
[Date "2020.08.09"]
[Round "7.1"]
[White "Efimov, Igor"]
[Black "Lau, Lut Yin Luke"]
[Result "1-0"]
[WhiteElo "2409"]
[BlackElo "1991"]
[PlyCount "93"]
[EventDate "2020.08.07"]
[EventType "team-tourn (rapid)"]
[EventRounds "9"]
[EventCountry "USA"]
[SourceTitle "CBM 198"]
[Source "ChessBase"]
[SourceDate "2020.10.31"]
[SourceVersion "1"]
[SourceVersionDate "2020.10.31"]
[SourceQuality "1"]
[WhiteTeam "Monaco"]
[BlackTeam "Hong Kong"]
[WhiteTeamCountry "MNC"]
[BlackTeamCountry "HKG"]

1. d4 d5 2. Bg5 c6 3. e3 Qb6 4. Qc1 Bf5 5. Nf3 Nd7 6. Be2 e6 7. 0-0 Ngf6 8. c4 Be7 9. Nc3 a5 10. h3 h6 11. Bh4 0-0 12. Ne5 Qd8 13. f4 Ne4 14. Be1 Nxe5 15. fxe5 Bh4 16. Kh2 Bxe1 17. Qxe1 Qg5 18. Rf4 Nxc3 19. bxc3 f6 20. exf6 Rxf6 21. Qg3 Qxg3+ 22. Kxg3 Be4 23. Bf3 Rxf4 24. Kxf4 Rf8+ 25. Kg3 Bd3 26. Bg4 Bxc4 27. Bxe6+ Kh7 28. e4 Re8 29. exd5 cxd5 30. Re1 g6 31. a3 Kg7 32. Re5 b5 33. Kf4 Rf8+ 34. Ke3 Re8 35. Bd7 Rd8 36. Bg4 Rb8 37. Bf3 Rd8 38. Re6 Kf7 39. Ra6 a4 40. Rc6 Kg7 41. Bd1 Re8+ 42. Kd2 Rf8 43. Bf3 Rd8 44. h4 Kh7 45. Bg4 Kg7 46. g3 Kf7 47. Bd1 1-0

[Event "Online Olym Div3 A"]
[Site "Chess.com INT"]
[Date "2020.08.08"]
[Round "5.2"]
[White "Jessel, Stephen"]
[Black "Lau, Lut Yin Luke"]
[Result "1/2-1/2"]
[WhiteElo "2297"]
[BlackElo "1991"]
[PlyCount "218"]
[EventDate "2020.08.07"]
[EventType "team-tourn (rapid)"]
[EventRounds "9"]
[EventCountry "USA"]
[SourceTitle "CBM 198"]
[Source "ChessBase"]
[SourceDate "2020.10.31"]
[SourceVersion "1"]
[SourceVersionDate "2020.10.31"]
[SourceQuality "1"]
[WhiteTeam "Ireland"]
[BlackTeam "Hong Kong"]
[WhiteTeamCountry "IRL"]
[BlackTeamCountry "HKG"]

1. Nf3 Nf6 2. c4 c5 3. g3 b6 4. Bg2 Bb7 5. 0-0 e6 6. b3 Be7 7. Bb2 0-0 8. Nc3 Qc8 9. Rc1 Nc6 10. d4 cxd4 11. Nxd4 Nxd4 12. Qxd4 Bxg2 13. Kxg2 Rd8 14. e4 Qb7 15. Rfd1 Rac8 16. f3 a6 17. Qd3 d6 18. Qe2 Nd7 19. Rc2 Nc5 20. Rcd2 Qc6 21. h4 Rb8 22. Rc1 Qb7 23. Ba3 Bf6 24. Bb4 Be5 25. Qe3 Qc6 26. Rcc2 h6 27. Kh3 Bf6 28. Ba3 Qc7 29. Bb2 Qe7 30. Qe2 Qe8 31. Qd1 Be7 32. Qf1 Bf8 33. Ba3 Qc6 34. Kh2 Qb7 35. Qd1 Rdc8 36. Bb4 Qc7 37. Kg2 Qb7 38. Kh3 Qc7 39. Ne2 Rd8 40. Nf4 Qc8 41. Kh2 Qc7 42. Ba3 Be7 43. Bb2 Bf8 44. Ba1 Qe7 45. Nh5 e5 46. g4 Qxh4+ 47. Kg2 Ne6 48. Qh1 Qg5 49. Bb2 g6 50. Ng3 Bg7 51. Bc1 Nf4+ 52. Kf1 Qf6 53. Rd1 Rbc8 54. a4 b5 55. axb5 axb5 56. Ne2 Ne6 57. Kg2 bxc4 58. bxc4 Kh7 59. Qf1 Rc6 60. Be3 Rdc8 61. Rdc1 Qe7 62. Kg1 Nd4 63. Bxd4 exd4 64. Nf4 Qe5 65. Nd5 Rc5 66. Kg2 Kg8 67. Qd3 Qg5 68. Rh1 Re8 69. Ra2 Qd8 70. Rb1 Qh4 71. Rh1 Qd8 72. Kg3 Qc8 73. Rc2 Qb7 74. Ra2 Qc8 75. Rc1 Qe6 76. Rh1 Qe5+ 77. Kg2 Qg5 78. Kh3 h5 79. Rg2 hxg4+ 80. Rxg4 Qh5+ 81. Kg2 Qe5 82. Re1 Rec8 83. f4 Qh5 84. Rg3 Rxc4 85. Ne7+ Kf8 86. Nxc8 Rxc8 87. Rh1 Qa5 88. Rf1 Rc3 89. Qd1 Qb4 90. Rf2 Qc4 91. Rd2 Rc1 92. Qe2 Ke7 93. Ra3 Qxe2+ 94. Rxe2 Rc7 95. Kf3 Kd7 96. Kg4 Rc3 97. Ra7+ Rc7 98. Rxc7+ Kxc7 99. Kf3 Kd7 100. Ra2 Ke6 101. Ra6 Bh6 102. e5 Bf8 103. Ke4 d3 104. Kxd3 g5 105. exd6 gxf4 106. Ke4 Bxd6 107. Ra8 f5+ 108. Kf3 Be5 109. Ra6+ Bd6 1/2-1/2

[Event "Online Olym Div4 A"]
[Site "Chess.com INT"]
[Date "2020.08.02"]
[Round "7.3"]
[White "Jaiswal, Rupesh"]
[Black "Lau, Lut Yin Luke"]
[Result "1-0"]
[WhiteElo "2115"]
[BlackElo "1991"]
[PlyCount "105"]
[EventDate "2020.07.31"]
[EventType "team-tourn (rapid)"]
[EventRounds "9"]
[EventCountry "USA"]
[SourceTitle "CBM 198"]
[Source "ChessBase"]
[SourceDate "2020.10.31"]
[SourceVersion "1"]
[SourceVersionDate "2020.10.31"]
[SourceQuality "1"]
[WhiteTeam "Nepal"]
[BlackTeam "Hong Kong"]
[WhiteTeamCountry "NEP"]
[BlackTeamCountry "HKG"]

1. d4 d5 2. Bf4 Nf6 3. e3 e6 4. Nf3 c5 5. c3 Nc6 6. Nbd2 Bd6 7. Bg3 0-0 8. Bd3 b6 9. 0-0 Bb7 10. Ne5 Qc7 11. f4 Ne7 12. Qb1 Ng6 13. Qc2 Rac8 14. Rae1 c4 15. Bxg6 hxg6 16. Bh4 Ne4 17. Nexc4 dxc4 18. Nxe4 Qc6 19. Nxd6 Qxd6 20. e4 Rfe8 21. Re3 f5 22. exf5 exf5 23. Re5 Be4 24. Qf2 Kf7 25. Re1 Qc6 26. Qg3 Rxe5 27. fxe5 Kg8 28. Bg5 Re8 29. Bf4 Re6 30. Qg5 Qa4 31. a3 Qc2 32. Bc1 Qd3 33. Qd8+ Kh7 34. Qh4+ Kg8 35. Qd8+ Kh7 36. Qg5 Bd5 37. Qh4+ Kg8 38. Qd8+ Kh7 39. Qxd5 Re8 40. Qf3 Qc2 41. Qe2 Qa4 42. d5 Qb5 43. Rd1 Rd8 44. d6 Qc5+ 45. Qe3 Qc6 46. Qf3 Qc5+ 47. Qe3 Qc6 48. Qd4 Kg8 49. Bg5 Rd7 50. e6 Rb7 51. d7 Rb8 52. e7 Qe6 53. d8Q+ 1-0

[Event "Online Olym Div4 A"]
[Site "Chess.com INT"]
[Date "2020.08.01"]
[Round "5.4"]
[White "Hassuji, Nurdin Husein"]
[Black "Lau, Lut Yin Luke"]
[Result "0-1"]
[WhiteElo "1738"]
[BlackElo "1991"]
[PlyCount "56"]
[EventDate "2020.07.31"]
[EventType "team-tourn (rapid)"]
[EventRounds "9"]
[EventCountry "USA"]
[SourceTitle "CBM 198"]
[Source "ChessBase"]
[SourceDate "2020.10.31"]
[SourceVersion "1"]
[SourceVersionDate "2020.10.31"]
[SourceQuality "1"]
[WhiteTeam "Tanzania"]
[BlackTeam "Hong Kong"]
[WhiteTeamCountry "TAN"]
[BlackTeamCountry "HKG"]

1. e4 d6 2. d4 Nf6 3. Nc3 g6 4. Nf3 Bg7 5. Bd3 c6 6. 0-0 0-0 7. h3 Na6 8. Bxa6 bxa6 9. Be3 Rb8 10. Rb1 Nd7 11. Qd2 Re8 12. Bh6 Bh8 13. Ng5 e5 14. d5 c5 15. Qe3 Qe7 16. f4 exf4 17. Qxf4 Ne5 18. Rf2 Rb7 19. Rbf1 f6 20. Nd1 Bd7 21. Ne3 Rxb2 22. Nf3 Rb4 23. Nxe5 Qxe5 24. Qxe5 dxe5 25. c4 Rb6 26. Rd1 Rd8 27. a4 Bxa4 28. Ng4 Bxd1 0-1

[Event "Olympiad-42"]
[Site "Baku"]
[Date "2016.09.10"]
[Round "8.2"]
[White "Lau, Lut Yin Luke"]
[Black "Molod, Jonathan"]
[Result "1-0"]
[WhiteElo "1994"]
[BlackElo "1943"]
[PlyCount "93"]
[EventDate "2016.09.02"]
[EventType "team-swiss"]
[EventRounds "11"]
[EventCountry "AZE"]
[SourceTitle "CBM 175"]
[Source "ChessBase"]
[SourceDate "2016.11.10"]
[SourceVersion "1"]
[SourceVersionDate "2016.11.10"]
[SourceQuality "1"]
[WhiteTeam "Hong Kong"]
[BlackTeam "Guam"]
[WhiteTeamCountry "HKG"]
[BlackTeamCountry "GMA"]

1. e4 e6 2. d4 d5 3. Nd2 Nf6 4. e5 Nfd7 5. Bd3 c5 6. c3 Nc6 7. Ne2 Qb6 8. Nf3 Be7 9. 0-0 f5 10. exf6 Nxf6 11. Nf4 0-0 12. Re1 Nd8 13. Ne5 Nf7 14. Nh5 cxd4 15. Nxf6+ Bxf6 16. Qh5 h6 17. Ng4 e5 18. Nxh6+ Nxh6 19. Bxh6 gxh6 20. Qg6+ Bg7 21. Qh7+ Kf7 22. Rxe5 Rh8 23. Re7+ Kxe7 24. Qxg7+ Kd6 25. Qxh8 Kc7 26. cxd4 Qc6 27. Qe5+ Kb6 28. Qe1 a6 29. Rc1 Qd6 30. Qe8 Qe6 31. Re1 Qc6 32. h3 Qd6 33. Qe5 Qc6 34. Qe8 Qd6 35. Qe7 Qc6 36. Qb4+ Ka7 37. Qc5+ Qxc5 38. dxc5 Bd7 39. Re7 Bc6 40. f4 Rg8 41. g4 Kb8 42. Kf2 Kc8 43. Rh7 Bd7 44. Rxh6 Kc7 45. Rd6 Rh8 46. g5 Rxh3 47. Rxd7+ 1-0

[Event "Olympiad-42"]
[Site "Baku"]
[Date "2016.09.02"]
[Round "1.3"]
[White "Lau, Lut Yin Luke"]
[Black "Ameir, Moheb"]
[Result "0-1"]
[WhiteElo "1994"]
[BlackElo "2431"]
[PlyCount "80"]
[EventDate "2016.09.02"]
[EventType "team-swiss"]
[EventRounds "11"]
[EventCountry "AZE"]
[SourceTitle "CBM 175"]
[Source "ChessBase"]
[SourceDate "2016.11.10"]
[SourceVersion "1"]
[SourceVersionDate "2016.11.10"]
[SourceQuality "1"]
[WhiteTeam "Hong Kong"]
[BlackTeam "Egypt"]
[WhiteTeamCountry "HKG"]
[BlackTeamCountry "EGY"]

1. e4 c5 2. Nf3 e6 3. d4 cxd4 4. Nxd4 Nc6 5. Nb5 d6 6. c4 a6 7. N5c3 Nf6 8. Be2 Be7 9. 0-0 0-0 10. Be3 b6 11. f3 Bb7 12. Na3 Rb8 13. Nc2 Re8 14. Qe1 Ne5 15. Qf2 Ba8 16. Rac1 Qc7 17. Nd4 Qb7 18. Rfd1 Rbc8 19. b3 d5 20. cxd5 Bb4 21. Nc6 Bxc3 22. Rxc3 Neg4 23. fxg4 Nxe4 24. Qe1 Nxc3 25. Qxc3 exd5 26. Qd4 Qxc6 27. Bxa6 Re4 28. Qxb6 Rxe3 29. Qxe3 Qxa6 30. Re1 h6 31. Qd2 d4 32. a4 d3 33. Re3 Rc2 34. Qxd3 Rxg2+ 35. Kf1 Qf6+ 36. Qf5 Qa1+ 37. Re1 Rg1+ 38. Kxg1 Qxe1+ 39. Qf1 Qe3+ 40. Qf2 Qxb3 0-1

[Event "Hong Kong-ch prel"]
[Site "Hong Kong"]
[Date "2016.03.07"]
[Round "9"]
[White "Lau, Lut Yin Luke"]
[Black "Wong, Brian"]
[Result "0-1"]
[WhiteElo "1927"]
[BlackElo "2020"]
[PlyCount "66"]
[EventDate "2016.01.04"]
[EventType "swiss"]
[EventRounds "11"]
[EventCountry "HKG"]
[SourceTitle "EXT 2017"]
[Source "ChessBase"]
[SourceDate "2016.10.25"]
[SourceVersion "1"]
[SourceVersionDate "2016.10.25"]
[SourceQuality "1"]

1. e4 g6 2. d4 Bg7 3. Nc3 d6 4. Bc4 Nd7 5. Nf3 Nb6 6. Bb3 Nf6 7. h3 0-0 8. Be3 Be6 9. Bxe6 fxe6 10. Ng5 Qd7 11. d5 exd5 12. exd5 Nc4 13. Qd4 Nxb2 14. Qb4 c5 15. Qxb2 Nxd5 16. Bd2 Qf5 17. Nf3 b5 18. 0-0 Kh8 19. Qxb5 Nxc3 20. Bxc3 Bxc3 21. Rab1 Qc8 22. Qd3 Bf6 23. Qa3 Qc7 24. Rfe1 Rab8 25. Rbd1 Rb5 26. h4 c4 27. Qc1 Kg7 28. Qe3 Qb6 29. Qe6 Bxh4 30. Rd4 Rxf3 31. Rde4 Bxf2+ 32. Kf1 Bxe1+ 33. Ke2 Qf2+ 0-1

[Event "Hong Kong-ch prel"]
[Site "Hong Kong"]
[Date "2016.01.11"]
[Round "2"]
[White "Lau, Lut Yin Luke"]
[Black "Mahajan, Ritesh"]
[Result "1-0"]
[WhiteElo "1927"]
[BlackElo "1662"]
[PlyCount "73"]
[EventDate "2016.01.04"]
[EventType "swiss"]
[EventRounds "11"]
[EventCountry "HKG"]
[SourceTitle "EXT 2017"]
[Source "ChessBase"]
[SourceDate "2016.10.25"]
[SourceVersion "1"]
[SourceVersionDate "2016.10.25"]
[SourceQuality "1"]

1. e4 e6 2. d4 d5 3. Nd2 a6 4. Ngf3 Nf6 5. e5 Nfd7 6. Bd3 c5 7. c3 Nc6 8. b3 Qa5 9. Bb2 Be7 10. 0-0 0-0 11. Re1 b5 12. a4 b4 13. c4 Rd8 14. Qe2 Nf8 15. Rac1 h6 16. cxd5 exd5 17. dxc5 Ne6 18. Nf1 Nf4 19. Qd2 Nxd3 20. Qxd3 Qc7 21. Ng3 Be6 22. Nf5 Bxf5 23. Qxf5 Qd7 24. e6 fxe6 25. Rxe6 Rf8 26. Qg6 d4 27. Rxc6 Rf6 28. Rxf6 Bxf6 29. c6 Qd6 30. Qd3 Rc8 31. Qc4+ Kh8 32. Bxd4 Bxd4 33. Nxd4 Rd8 34. c7 Qxd4 35. Qxd4 Rxd4 36. c8Q+ Kh7 37. Qf5+ 1-0

[Event "Hong Kong op"]
[Site "Hong Kong"]
[Date "2015.10.02"]
[Round "3"]
[White "Sanchez, Louis"]
[Black "Lau, Lut Yin Luke"]
[Result "1/2-1/2"]
[WhiteElo "2252"]
[BlackElo "1875"]
[PlyCount "44"]
[EventDate "2015.10.01"]
[EventType "swiss"]
[EventRounds "9"]
[EventCountry "HKG"]
[SourceTitle "CBM 168 Extra"]
[Source "ChessBase"]
[SourceDate "2015.10.29"]
[SourceVersion "1"]
[SourceVersionDate "2015.10.29"]
[SourceQuality "1"]

1. Nf3 Nf6 2. g3 e6 3. Bg2 d5 4. 0-0 Bd6 5. d3 b6 6. e4 Be7 7. Qe2 Bb7 8. exd5 Bxd5 9. Nc3 Bb7 10. Ne5 Bxg2 11. Kxg2 c6 12. Qf3 Qc8 13. Bg5 h6 14. Bd2 0-0 15. Rae1 Nd5 16. Nxd5 exd5 17. Re2 Bd6 18. Rfe1 Nd7 19. Bc3 Nxe5 20. Bxe5 Bxe5 21. Rxe5 Qa6 22. Rf5 Qxa2 1/2-1/2

[Event "Asia Cities-ch 19th"]
[Site "Kalutara "]
[Date "2015.07.24"]
[Round "4"]
[White "Lau, Lut Yin Luke"]
[Black "Ali, Abdulaziz"]
[Result "0-1"]
[WhiteElo "1809"]
[BlackElo "1767"]
[PlyCount "77"]
[EventDate "2015.07.22"]
[EventType "team-tourn"]
[EventRounds "9"]
[EventCountry "SRI"]
[SourceTitle "EXT 2020"]
[Source "ChessBase"]
[SourceDate "2019.10.17"]
[SourceVersion "1"]
[SourceVersionDate "2019.10.17"]
[SourceQuality "1"]
[WhiteTeam "Hong Kong"]
[BlackTeam "Dubai"]
[WhiteTeamCountry "HKG"]
[BlackTeamCountry "UAE"]

1. e4 e5 2. Nf3 Nc6 3. Bc4 Bc5 4. d3 h6 5. c3 Nf6 6. Nbd2 d6 7. h3 a6 8. a4 Ba7 9. b4 0-0 10. Qb3 Ne7 11. 0-0 Ng6 12. d4 Qe7 13. Re1 Nh5 14. Nf1 Nh4 15. Qd1 exd4 16. Nxh4 Qxh4 17. cxd4 Be6 18. Be2 Nf4 19. Bf3 Ng6 20. Be3 Rad8 21. Qc2 Bb8 22. Ng3 c6 23. Rab1 d5 24. e5 f5 25. exf6 Qxf6 26. Qe2 Bxh3 27. Bxd5+ Rxd5 28. gxh3 Nf4 29. Qf1 Qh4 30. Kh2 Ne6 31. Qg2 Nxd4 32. Red1 Rfd8 33. Kh1 Nc2 34. Rxd5 Rxd5 35. Rg1 Nxe3 36. fxe3 Rg5 37. Nf5 Rxg2 38. Rxg2 Qxh3+ 39. Kg1 0-1